| 000 | 02450nas a2200337 i 4500 | ||
|---|---|---|---|
| 001 | 172689 | ||
| 003 | ES-MaACL | ||
| 005 | 20250905140922.0 | ||
| 007 | t| | ||
| 008 | 090821c1894 sp a| | 1 ||pa d | ||
| 080 | _a3 : 061.12(460) | ||
| 110 | 2 |
_aReal Academia de Ciencias Morales y Políticas (España) _9222050 |
|
| 245 | 1 | 0 |
_aDiscursos de recepción leídos en la Real Academia de Ciencias Morales y Políticas _g1887-1890. |
| 260 |
_aMadrid : _b[s. n.], _c1894 (Tip. de los Huérfanos) |
||
| 300 |
_a1 v. ; _c26 cm. |
||
| 505 | 8 | _aContiene: T. V: De la metafísica / Alejandro Pidal y Mon (59 p.). Contestación / Carlos María Perier (p. 61-74). Principios capitales a que deben ajustarse en nuestra codificación civilla vida y modo de ser de las personas morales / Francisco Silvela (p. 75-125). Contestación / Carlos María Perier (p. 127-144). El crédito agrícola / Eugenio Montero Ríos (p. 145-196). Contestación / Laureano Figuerola (p. 197-213). Consideraciones histórico-críticas acerca del sufragio universal como órgano de la representación política en las sociedades modernas / Raimundo Fernández Villaverde (p. 215-272). Contestación / Conde de Toreno (p. 273-327). Necesidad del poder real en el régimen parlamentario / Joaquín Sánchez de Toca (p. 329-365). Contestación / Alejandro Pidal y Mon (p. 367-391). Problema social en España / Aureliano Linares Rivas (p. 393-441). Contestación / Fernando Cos-Gayón (p. 443-469). La crisis religiosa, causa pricipalísima de la crisis social, tiene el catolicismo su remedio más eficaz / José Salamero y Martínez (p. 471-603). Contestación / Vicente de la Fuente (p. 605-617). | |
| 700 | 1 |
_aQueipo de Llano y Gayoso, Francisco de Borja, _cConde de Toreno. _9158110 |
|
| 700 | 1 |
_aFuente, Vicente de la, _d1817-1889 _952857 |
|
| 700 | 1 |
_aPidal y Mon, Alejandro, _d1846-1913 _991890 |
|
| 700 | 1 |
_aPerier, Carlos María. _9131024 |
|
| 700 | 1 |
_aSilvela, Francisco, _d1845-1905 _9106425 |
|
| 700 | 1 |
_aMontero Ríos, Eugenio, _d1832-1914 _982537 |
|
| 700 | 1 |
_aFiguerola, Laureano, _d1816-1903 _950808 |
|
| 700 | 1 |
_aFernández Villaverde, Raimundo, _d1848-1905 _950163 |
|
| 700 | 1 |
_aSánchez de Toca, Joaquín, _d1852-1942 _9102598 |
|
| 700 | 1 |
_aLinares Rivas, Aureliano. _972354 |
|
| 700 | 1 |
_aCos-Gayón, Fernando, _d1825-1898 _940977 |
|
| 700 | 1 |
_aSalamero y Martínez, José, _edir. _9227506 |
|
| 852 |
_aES-MaACL _jK-187 |
||
| 999 |
_c172689 _d172689 |
||